000 00534nam a2200193 4500
008 b xx# ara u
010 _a8959
040 _aLB-BrCRDP
082 _aF 892.73/M214sh
100 1 _a. محفوظ، نجيب
130 1 _lAR
245 1 0 _a. شهر العسل
_cنجيب محفوظ
250 _aط. اولى
260 _aبيروت
_bدار القلم
_c1972
300 _a224 ص. ؛
_c24 سم.
650 _aالقصة العربية
942 _cBK
999 _c15734
_d15734